Crosslinking of rubbers by fillers (2002 Reviews) (Record no. 56573)

MARC details
000 -LEADER
fixed length control field 00450nam a2200169Ia 4500
100 ## - MAIN ENTRY--AUTHOR NAME
Personal name Rajeev R S
245 #0 - TITLE STATEMENT
Title Crosslinking of rubbers by fillers (2002 Reviews)
260 ## - PUBLICATION, DISTRIBUTION, ETC. (IMPRINT)
Name of publisher Rubber Chemistry and Technology
Year of publication 2002
300 ## - PHYSICAL DESCRIPTION
Number of Pages 475-509
650 ## - SUBJECT ADDED ENTRY--TOPICAL TERM
Topical Term 2002 reviews
650 ## - SUBJECT ADDED ENTRY--TOPICAL TERM
Topical Term Carbon black
650 ## - SUBJECT ADDED ENTRY--TOPICAL TERM
Topical Term Crosslinking
650 ## - SUBJECT ADDED ENTRY--TOPICAL TERM
Topical Term Epoxidized natural rubber
700 ## - ADDED ENTRY--PERSONAL NAME
Personal name De S K
942 ## - ADDED ENTRY ELEMENTS (KOHA)
Koha item type Journals
Holdings
Withdrawn status Lost status Damaged status Not for loan Home library Current library Shelving location Date acquired Serial Enumeration / chronology Koha item type
      Journals RRII Library RRII Library Rubber chemistry 01/01/2021 Volume 75, Issue 3 Journals